| 000 | 00874nam a2200265Ia 4500 | ||
|---|---|---|---|
| 003 | GCL | ||
| 008 | 140319s9999 xx 000 0 ara d | ||
| 040 |
_aGCL / _cGCL |
||
| 082 | 0 | 4 |
_aق _b923.2 _bع ز |
| 100 | 1 | _aعاطف احمد فؤاد | |
| 245 | 1 | 0 |
_aالزعامة السياسية فى مصر / _cعاطف احمد فؤاد |
| 260 |
_a[S.N] : _bدار المعارف ، _c1980 |
||
| 300 | _a238 ص | ||
| 490 | _a | ||
| 650 | 0 | 4 | _aالعصر الحديث |
| 650 | 0 | 4 | _aمصر |
| 650 | 0 | 4 | _aالاحوال السياسية |
| 650 | 0 | 4 | _aالتاريخ |
| 650 | 0 | 4 | _aثورة 23 يوليو 1952 |
| 650 | 0 | 4 | _aنظم الحكم |
| 650 | 0 | 4 | _aالعصر الحجرى |
| 650 | 0 | 4 | _aمصر - تاريخ - العصر الحديث - ثورة 1919 |
| 650 | 0 | 4 | _aمصر - تاريخ - العصر الحديث - الثورة العرابية |
| 942 |
_2ddc _cBK |
||
| 999 |
_c52961 _d52961 |
||